000 00794nab a2200241 u 4500
001 07854
003 HDC
007 cr bn ---aaaaa
008 210129c2012 my dr|nes 0 a may d
040 _aHDC
245 0 _aMalaysia 10 Terbaik Mudah Perniagaan
260 _aKuala Lumpur :
_bThe New Straits Times Press (M) Bhd.,
_c2012
300 _apage: B3
336 _atext
_2rdacontent
337 _acomputer
_2rdamedia
338 _aonline resource
_2rdacarrier
650 _aBusiness sector
_zMalaysia
_98409
650 _atax payment
_zMalaysia
_98410
856 _zRequest full-text at [email protected]
942 _2lcc
942 _cNEWS
942 _kNWSC 002268
999 _c5177
_d5177